000 00451nab a2200145Ia 4500
003 ES-SlBCS
005 20220906011053.0
008 140529s1984-85 xxu||||| |||| 00| 0 eng d
041 _aeng
100 1 _aGuignon, Charles B.
_9156118
245 0 0 _aHeidegger's Authenticity Revisited
_c Charles B. Guignon
600 1 0 _aHeidegger, Martín
_d(1889-1976)
_917559
773 0 _tReview of Methaphysics
_gvol. 38, 1984-85, págs. 321-340
_wRev843
942 _cAR
999 _c530830
_d530830